| 000 | 00460cam a22001577a 4500 | ||
|---|---|---|---|
| 005 | 20250901165806.0 | ||
| 008 | 051123s2005 ke |||| |||||||| ||eng | ||
| 010 | _a 2005326901 | ||
| 020 | _a9966254188 | ||
| 050 | 0 | 0 | _aPR 9381.9 .M33 2005 |
| 100 | 1 | _aMacgoye, Marjorie Oludhe. | |
| 245 | 1 | 2 |
_aA farm called Kishinev / _cMarjorie Oludhe Macgoye. |
| 260 |
_aNairobi : _bEast African Educational Publishers, _c2005. |
||
| 300 |
_a138 p. ; _c21 cm. |
||
| 942 | _2lcc | ||
| 999 |
_c9299 _d9299 |
||